Statistics for Summer Olympics - Medalists in Weightlifting

Click here to take the quiz!

General Stats

  • This quiz has been taken 29 times
  • The average score is 51 of 65

Answer Stats

Olympic Teams% Correct
United States
100%
China
96%
Finland
96%
France
96%
South Korea
96%
Australia
93%
Bulgaria
93%
Germany
93%
North Korea
93%
Russia
93%
Ukraine
93%
Armenia
89%
Canada
89%
Greece
89%
Iran
89%
Norway
89%
Poland
89%
Soviet Union
89%
Thailand
89%
Belarus
86%
Egypt
86%
Iraq
86%
Japan
86%
Latvia
86%
Lithuania
86%
Mexico
86%
Romania
86%
Spain
86%
Azerbaijan
82%
Estonia
82%
Georgia
82%
Hungary
82%
Italy
82%
Sweden
82%
Cuba
79%
Denmark
79%
Indonesia
79%
Netherlands
79%
Switzerland
79%
Turkey
79%
Uzbekistan
79%
Argentina
75%
Austria
75%
Belgium
75%
Colombia
75%
East Germany
75%
India
75%
Kazakhstan
75%
West Germany
75%
Moldova
71%
Vietnam
71%
Croatia
68%
Czechoslovakia
68%
Venezuela
68%
Great Britain
64%
Nigeria
64%
Philippines
64%
Lebanon
61%
Chinese Taipei
57%
Kyrgyzstan
54%
Unified Team
54%
Qatar
39%
Luxembourg
36%
Singapore
29%
Trinidad and Tobago
25%

Score Distribution

Percentile by Number Answered

Percent of People with Each Score

Your Score History

You have not taken this quiz